000 00371nam a22001457a 4500
003 OSt
005 20160727222422.0
008 160629b xxu||||| |||| 00| 0 eng d
040 _cTEST
100 _91314
_aAhmad, K
245 _aA Handbook of SynoN.Yms & AntoN.Yms
260 _aNEW DELHI
_bBOOKS HIVES
300 _aA Handbook of SynoN.Yms & AntoN.Yms
942 _2ddc
_cBK
999 _c1076
_d1076